| 000 | 01056nam a2200229Ia 4500 | ||
|---|---|---|---|
| 999 |
_c49588 _d49588 |
||
| 001 | 16520 | ||
| 003 | GE_BSU | ||
| 005 | 20250122172315.0 | ||
| 008 | 181216s2011||||ge |||||||||||||| ||geo|| | ||
| 020 | _a99928-03649 | ||
| 040 | _cGE_BSU | ||
| 041 | _ageo | ||
| 080 | _a821.353.1-13 რ-93 | ||
| 100 |
_aრუსთაველი, შოთა _924089 |
||
| 245 |
_aვეფხისტყაოსანი : _bდამხმარე სახ. მე-9 კლ. მოსწავ. / _cტექსტი გამოსაც. მოამზ. შესავ. განმარტებანი, კომენტ. და ლიტერ. გარჩევა დაურთო ნ. ნათაძემ ; რედ. : ალ. ჯინჭარაული. |
||
| 264 |
_aთბილისი : _b[?], _c2011. |
||
| 300 |
_a508 გვ. ; _c21 სმ. |
||
| 541 | _h7ლ. | ||
| 653 | _aვეფხისტყაოსანი | ||
| 700 |
_aჯინჭარაული, ალ. _eრედაქტორი _97569 |
||
| 942 |
_cBK _2udc |
||